[Event "SG Ahaus-Wessum 1 - TV Borken 1"]
[Site "Verbandsliga 2016/2017"]
[Date "2017.05.06"]
[Round "9.1"]
[White "Schroer, Klaus"]
[Black "Schulze Ameling, Hendrik"]
[Result "1/2-1/2"]
[WhiteElo "2010"]
[BlackElo "1998"]
[PlyCount "48"]
[EventDate "2017.??.??"]
[SourceDate "2016.09.26"]

1. e4 e6 2. d4 d5 3. Nd2 Nf6 4. e5 Nfd7 5. Bd3 c5 6. c3 Nc6 7. Ne2 cxd4 8. cxd4
f6 9. exf6 Nxf6 10. Nf3 Bd6 11. O-O Qc7 12. Bg5 O-O 13. Rc1 Ne4 14. Bh4 Qf7 15.
Bg3 Bxg3 16. Nxg3 Qf4 17. Bb1 Bd7 18. Re1 Ng5 19. Nxg5 Qxg5 20. Qd3 g6 21. Rcd1
Rf4 22. Ne2 Rf7 23. Qe3 Qf6 24. f4 Raf8 1/2-1/2

[Event "SG Ahaus-Wessum 1 - TV Borken 1"]
[Site "Verbandsliga 2016/2017"]
[Date "2017.05.06"]
[Round "9.2"]
[White "Rosing, Hermann"]
[Black "Schulze-Schwering, Philipp"]
[Result "0-1"]
[WhiteElo "1972"]
[BlackElo "2046"]
[PlyCount "92"]
[EventDate "2017.??.??"]
[SourceDate "2016.09.26"]

1. e4 c6 2. d4 d5 3. e5 Bf5 4. Nf3 e6 5. Be2 c5 6. O-O Ne7 7. c4 dxc4 8. Bxc4
Nd7 9. Bf4 Ng6 10. Bg3 Qb6 11. d5 Qxb2 12. Nbd2 Ngxe5 13. Nxe5 Nxe5 14. Qa4+
Ke7 15. Rfe1 Nxc4 16. dxe6 Nb6 17. Bh4+ f6 18. Qf4 Rc8 19. Qxf5 Qxd2 20. Rad1
Qc3 21. Re3 Qb2 22. Bg3 Rc6 23. h4 Qxa2 24. Rd7+ Ke8 25. Rxb7 Be7 26. Rb8+ Rc8
27. Qf4 Qa1+ 28. Kh2 Qa6 29. Qc7 Rxb8 30. Qxb8+ Nc8 31. Qc7 g6 32. Bf4 h6 33.
Qd7+ Kf8 34. Rb3 Kg7 35. Rb8 Rd8 36. Qc7 Qxe6 37. Rb7 Re8 38. Qxc5 g5 39. Bg3
gxh4 40. Bf4 Qg4 41. Qc7 Kg6 42. g3 Qf3 43. Qc2+ f5 44. Rc7 hxg3+ 45. Bxg3 Bd6
46. Bxd6 Re1 0-1

[Event "SG Ahaus-Wessum 1 - TV Borken 1"]
[Site "Verbandsliga 2016/2017"]
[Date "2017.05.06"]
[Round "9.3"]
[White "Beckmann, David"]
[Black "Bauland, Thomas"]
[Result "1-0"]
[WhiteElo "1999"]
[BlackElo "1859"]
[PlyCount "91"]
[EventDate "2017.??.??"]
[SourceDate "2016.09.26"]

1. d4 d5 2. Nf3 Nf6 3. c4 dxc4 4. e3 e6 5. Bxc4 c5 6. O-O Nc6 7. b3 cxd4 8.
exd4 Be7 9. Bb2 O-O 10. Nc3 a6 11. Re1 b5 12. Be2 Bb7 13. a4 b4 14. Nb1 Rc8 15.
Nbd2 Nd5 16. Rc1 Na5 17. Nc4 Nxc4 18. Bxc4 a5 19. Qe2 Qd6 20. Qe5 Rfd8 21. Qxd6
Bxd6 22. Ne5 Rc7 23. Bb5 Bxe5 24. dxe5 Rdc8 25. Rxc7 Rxc7 26. Bd4 Rc8 27. f3
Ne7 28. Bb6 Ra8 29. Rc1 Nd5 30. Bd4 g5 31. Rc5 Kg7 32. Kf2 h5 33. Bc4 Kg6 34.
Bd3+ Kg7 35. Be4 Ra6 36. Bd3 Ra8 37. Be4 Ra6 38. Bb2 Ra7 39. Bc1 f6 40. exf6+
Kxf6 41. Bb2+ Nc3 42. Rc7 e5 43. Bxc3 bxc3 44. Bxb7 c2 45. Rc6+ Ke7 46. Bc8 1-0

[Event "SG Ahaus-Wessum 1 - TV Borken 1"]
[Site "Verbandsliga 2016/2017"]
[Date "2017.05.06"]
[Round "9.4"]
[White "Diehlmann, Christian"]
[Black "Farwick, Christian"]
[Result "1-0"]
[WhiteElo "1870"]
[BlackElo "1804"]
[PlyCount "43"]
[EventDate "2017.??.??"]
[SourceDate "2016.09.26"]

1. d4 Nf6 2. Nf3 d5 3. Bf4 c6 4. e3 Qb6 5. Qc1 Bf5 6. Be2 e6 7. O-O Nbd7 8.
Nbd2 h6 9. Ne5 Nxe5 10. Bxe5 Be7 11. a4 a5 12. c4 O-O 13. c5 Qb4 14. f3 b6 15.
Ra3 b5 16. axb5 a4 17. b6 Nd7 18. Bc7 e5 19. Qc3 Qxc3 20. bxc3 exd4 21. cxd4
Nxb6 22. Bxb6 1-0

[Event "SG Ahaus-Wessum 1 - TV Borken 1"]
[Site "Verbandsliga 2016/2017"]
[Date "2017.05.06"]
[Round "9.5"]
[White "Vijayakumaran, Vithoosan"]
[Black "Woltering, Martin"]
[Result "0-1"]
[WhiteElo "1736"]
[BlackElo "1785"]
[PlyCount "46"]
[EventDate "2017.??.??"]
[SourceDate "2016.09.26"]

1. b3 e5 2. Bb2 d6 3. e3 Nc6 4. Bb5 Bd7 5. Ne2 a6 6. Bxc6 Bxc6 7. O-O Qg5 8. f3
h5 9. Qe1 h4 10. Qf2 Nf6 11. d3 O-O-O 12. e4 Kb8 13. Bc1 Qh5 14. Qe3 Be7 15.
Qg5 Qh7 16. Qe3 g5 17. d4 g4 18. d5 Bd7 19. Nbc3 gxf3 20. Rxf3 Rdg8 21. Kf1 Qg6
22. Qg1 Rg7 23. Rf2 Nxe4 0-1

[Event "SG Ahaus-Wessum 1 - TV Borken 1"]
[Site "Verbandsliga 2016/2017"]
[Date "2017.05.06"]
[Round "9.6"]
[White "Wensing, Maximilian"]
[Black "Theißen, Frank"]
[Result "1-0"]
[WhiteElo "1847"]
[BlackElo "1765"]
[PlyCount "125"]
[EventDate "2017.??.??"]
[SourceDate "2016.09.26"]

1. e4 e6 2. d4 d5 3. Nd2 dxe4 4. Nxe4 Bd7 5. Nf3 Bc6 6. Bd3 Nd7 7. Bf4 Ngf6 8.
Qe2 Nxe4 9. Bxe4 Bxe4 10. Qxe4 c6 11. O-O Nf6 12. Qd3 Bd6 13. Bxd6 Qxd6 14. Qb3
Rb8 15. c3 O-O 16. Rfe1 Nd7 17. Nd2 Nf6 18. Nc4 Qc7 19. Ne5 Rfd8 20. Rad1 c5
21. dxc5 Rxd1 22. Qxd1 Qxc5 23. Nd7 Nxd7 24. Qxd7 Kf8 25. Rd1 Qe7 26. Kf1 Re8
27. g3 Qxd7 28. Rxd7 Re7 29. Rd8+ Re8 30. Rd4 e5 31. Ra4 a6 32. Rb4 Re7 33. Ke2
Rd7 34. c4 Ke7 35. c5 Ke6 36. Rb6+ Kd5 37. c6 bxc6 38. Rxa6 c5 39. Ra8 h5 40.
f3 f5 41. Kd3 Kc6+ 42. Kc2 Re7 43. Rc8+ Kd5 44. Rd8+ Kc6 45. Kd3 Ra7 46. Rf8
Rd7+ 47. Kc3 g6 48. Rf6+ Rd6 49. Rxd6+ Kxd6 50. Kc4 g5 51. h3 Kc6 52. g4 hxg4
53. hxg4 fxg4 54. fxg4 e4 55. a3 Kd6 56. b4 cxb4 57. axb4 Ke5 58. b5 Kf4 59. b6
e3 60. b7 e2 61. b8=Q+ Kxg4 62. Qe5 Kf3 63. Kd3 1-0

[Event "SG Ahaus-Wessum 1 - TV Borken 1"]
[Site "Verbandsliga 2016/2017"]
[Date "2017.05.06"]
[Round "9.7"]
[White "Rickert, Berthold"]
[Black "Terdues, Guido"]
[Result "1/2-1/2"]
[WhiteElo "1743"]
[BlackElo "1720"]
[PlyCount "28"]
[EventDate "2017.??.??"]
[SourceDate "2016.09.26"]

1. c4 f5 2. d4 Nf6 3. Nc3 e6 4. g3 d5 5. Bg2 c6 6. Bf4 Bd6 7. Bxd6 Qxd6 8. Qd3
Qb4 9. b3 Ne4 10. Rc1 O-O 11. f3 Nxc3 12. Qxc3 Qxc3+ 13. Rxc3 Nd7 14. f4 Nf6
1/2-1/2

[Event "SG Ahaus-Wessum 1 - TV Borken 1"]
[Site "Verbandsliga 2016/2017"]
[Date "2017.05.06"]
[Round "9.8"]
[White "Messelink, Gerrit"]
[Black "Schäfers, Serge"]
[Result "1-0"]
[WhiteElo "1737"]
[BlackElo "1622"]
[PlyCount "63"]
[EventDate "2017.??.??"]
[SourceDate "2016.09.26"]

1. e4 c5 2. Nf3 g6 3. c3 Bg7 4. d4 cxd4 5. cxd4 Nc6 6. Nc3 d6 7. Be2 Bd7 8. O-O
a6 9. Be3 Nf6 10. h3 O-O 11. Rc1 Rc8 12. Qd2 b5 13. e5 dxe5 14. dxe5 Ne8 15.
Nd5 Be6 16. Rfd1 Bxd5 17. Qxd5 Qxd5 18. Rxd5 Rd8 19. Rxd8 Nxd8 20. a4 bxa4 21.
Bxa6 Ne6 22. Bb6 Bh6 23. Rc4 N8g7 24. Rxa4 Rb8 25. Rb4 Bc1 26. b3 Ba3 27. Rb5
Nf5 28. g4 Nh6 29. Be3 Rxb5 30. Bxb5 Kg7 31. Nd4 Nc5 32. Nc2 1-0

[Event "Südlohner SV 2 - SK Münster 4"]
[Site "Verbandsliga 2016/2017"]
[Date "2017.05.06"]
[Round "9.1"]
[White "Schulz, Stefan"]
[Black "Sparwel, Oliver"]
[Result "1/2-1/2"]
[WhiteElo "1917"]
[BlackElo "1897"]
[PlyCount "62"]
[EventDate "2017.??.??"]
[SourceDate "2016.09.26"]

1. d4 d6 2. Nf3 Nf6 3. g3 Nbd7 4. c4 e5 5. Nc3 c6 6. Bg2 Be7 7. O-O O-O 8. e4
exd4 9. Nxd4 Ne5 10. b3 Re8 11. h3 c5 12. Nc2 b6 13. Bb2 Bb7 14. Ne3 Bf8 15.
Ncd5 Bxd5 16. Nxd5 Nxd5 17. Qxd5 Qf6 18. Kh1 Qe6 19. Rad1 Qxd5 20. Rxd5 Nc6 21.
Bc3 Rab8 22. Re1 a6 23. h4 b5 24. cxb5 axb5 25. Bf1 Re6 26. Bh3 b4 27. Bb2 Re7
28. Rxd6 Rxe4 29. Rxe4 Bxd6 30. Bd7 Nd4 31. Bxd4 cxd4 1/2-1/2

[Event "Südlohner SV 2 - SK Münster 4"]
[Site "Verbandsliga 2016/2017"]
[Date "2017.05.06"]
[Round "9.2"]
[White "Richters, Alfred"]
[Black "Jansen, Dirk"]
[Result "1/2-1/2"]
[WhiteElo "1885"]
[BlackElo "1931"]
[PlyCount "47"]
[EventDate "2017.??.??"]
[SourceDate "2016.09.26"]

1. d4 e6 2. e4 d5 3. Nc3 Bb4 4. e5 Ne7 5. a3 Bxc3+ 6. bxc3 c5 7. Qg4 O-O 8. Bd3
f5 9. exf6 Rxf6 10. Bg5 Rf7 11. Qh4 h6 12. Bd2 Nbc6 13. Nf3 c4 14. Be2 Bd7 15.
g4 Ng6 16. Qg3 Qb8 17. g5 Qxg3 18. hxg3 Raf8 19. Nh4 Nxh4 20. Rxh4 hxg5 21. Rh2
e5 22. dxe5 Nxe5 23. Bxg5 Bg4 24. f4 1/2-1/2

[Event "Südlohner SV 2 - SK Münster 4"]
[Site "Verbandsliga 2016/2017"]
[Date "2017.05.06"]
[Round "9.3"]
[White "Voß, Norbert"]
[Black "Telöken, Stefan"]
[Result "1/2-1/2"]
[WhiteElo "1823"]
[BlackElo "1759"]
[PlyCount "59"]
[EventDate "2017.??.??"]
[SourceDate "2016.09.26"]

1. c4 Nf6 2. g3 g6 3. Bg2 Bg7 4. Nf3 O-O 5. O-O c6 6. d4 d5 7. b3 Nbd7 8. Bb2
b6 9. Nc3 Bb7 10. Rc1 Rc8 11. cxd5 cxd5 12. Qd3 Nb8 13. Ne5 Nc6 14. Nxc6 Bxc6
15. Rc2 Qd7 16. a4 Qb7 17. Bc1 Rfd8 18. Bf4 Ne4 19. Rfc1 e5 20. Bxe5 Bxe5 21.
dxe5 Nc5 22. Qd1 Nxb3 23. Rb1 d4 24. Bxc6 Qxc6 25. Rxb3 dxc3 26. Qa1 Qe4 27.
Rbxc3 Qxe5 28. Qe1 Rxc3 29. Qxc3 Rd1+ 30. Kg2 1/2-1/2

[Event "Südlohner SV 2 - SK Münster 4"]
[Site "Verbandsliga 2016/2017"]
[Date "2017.05.06"]
[Round "9.4"]
[White "Schmeing, Manfred"]
[Black "Schöpper, Oliver"]
[Result "0-1"]
[WhiteElo "1765"]
[BlackElo "1818"]
[PlyCount "48"]
[EventDate "2017.??.??"]
[SourceDate "2016.09.26"]

1. e4 Nf6 2. e5 Nd5 3. c4 Nb6 4. d4 d6 5. Nf3 Bg4 6. h3 Bxf3 7. Qxf3 Nc6 8.
exd6 Nxd4 9. Qc3 e5 10. dxc7 Qxc7 11. a3 Be7 12. b3 O-O 13. Bd3 Bf6 14. Be4 a5
15. Nd2 Rfd8 16. a4 Be7 17. Ba3 Bxa3 18. Rxa3 f5 19. Bf3 Qc5 20. Ra2 e4 21.
Bxe4 fxe4 22. Nxe4 Re8 23. f3 Nd5 24. Qd3 Nb4 0-1

[Event "Südlohner SV 2 - SK Münster 4"]
[Site "Verbandsliga 2016/2017"]
[Date "2017.05.06"]
[Round "9.5"]
[White "Voß, Andreas"]
[Black "Emming, Benedikt"]
[Result "1/2-1/2"]
[WhiteElo "1799"]
[BlackElo "1749"]
[PlyCount "56"]
[EventDate "2017.??.??"]
[SourceDate "2016.09.26"]

1. d4 Nf6 2. Bg5 e6 3. e4 h6 4. Bxf6 Qxf6 5. Nc3 Bb4 6. Qd2 c5 7. e5 Qe7 8. a3
cxd4 9. axb4 dxc3 10. Qxc3 O-O 11. Rd1 b6 12. Rd6 Na6 13. Bb5 Rd8 14. Ne2 Bb7
15. Qd2 Nc7 16. Ba4 Ne8 17. Rxd7 Rxd7 18. Qxd7 Qxd7 19. Bxd7 Bxg2 20. Rg1 Be4
21. Ba4 Nc7 22. Rg4 Bd5 23. c4 Bf3 24. Rd4 Na6 25. b5 Nc5 26. Bc2 Bxe2 27. Kxe2
a5 28. bxa6 Nxa6 1/2-1/2

[Event "Südlohner SV 2 - SK Münster 4"]
[Site "Verbandsliga 2016/2017"]
[Date "2017.05.06"]
[Round "9.6"]
[White "van de Laar, Han"]
[Black "Börger, Andreas"]
[Result "1/2-1/2"]
[WhiteElo "1634"]
[BlackElo "1782"]
[PlyCount "61"]
[EventDate "2017.??.??"]
[SourceDate "2016.09.26"]

1. Nf3 c5 2. c4 Nc6 3. Nc3 g6 4. e3 Bg7 5. d4 b6 6. Be2 d6 7. O-O Nf6 8. h3 O-O
9. d5 Na5 10. Qc2 Ba6 11. b3 Qd7 12. Bb2 Rad8 13. Rad1 e6 14. e4 e5 15. Bc1 h6
16. Nh2 Kh7 17. f4 Ng8 18. fxe5 Bxe5 19. Nf3 Bg7 20. Bd3 Rde8 21. Bf4 Bc8 22.
Rde1 Nb7 23. e5 dxe5 24. Bxe5 Nd6 25. Bxg7 Kxg7 26. Qf2 f5 27. Ne5 Qd8 28. Nc6
Qc7 29. Rxe8 Rxe8 30. Re1 Bd7 31. Rxe8 1/2-1/2

[Event "Südlohner SV 2 - SK Münster 4"]
[Site "Verbandsliga 2016/2017"]
[Date "2017.05.06"]
[Round "9.7"]
[White "Stumpe, Danny"]
[Black "Höing, Johannes"]
[Result "1/2-1/2"]
[WhiteElo "1700"]
[BlackElo "1801"]
[PlyCount "51"]
[EventDate "2017.??.??"]
[SourceDate "2016.09.26"]

1. e4 e6 2. d4 d5 3. Nc3 Bb4 4. exd5 exd5 5. Nf3 Bg4 6. Be2 Ne7 7. Bg5 f6 8.
Bf4 Bd6 9. Qd2 Nbc6 10. Nb5 Nc8 11. Qe3+ Kf7 12. Nxd6+ Nxd6 13. O-O Re8 14. Qd3
Bf5 15. Qd1 g5 16. Be3 Bg6 17. c3 Nf5 18. Bd2 Qd6 19. Ne1 Kg7 20. Bd3 Rf8 21.
f4 h6 22. fxg5 fxg5 23. Qc2 Nh4 24. Rxf8 Rxf8 25. Bxg6 Qxg6 26. Qxg6+ 1/2-1/2

[Event "Südlohner SV 2 - SK Münster 4"]
[Site "Verbandsliga 2016/2017"]
[Date "2017.05.06"]
[Round "9.8"]
[White "Janssen, Guido"]
[Black "Baumann, Eva"]
[Result "1-0"]
[WhiteElo "1627"]
[BlackElo "1691"]
[PlyCount "73"]
[EventDate "2017.??.??"]
[SourceDate "2016.09.26"]

1. e4 e5 2. Nf3 Nc6 3. d4 exd4 4. Nxd4 Nf6 5. Nxc6 bxc6 6. Nc3 Bb4 7. Bd3 d6 8.
O-O O-O 9. Bg5 Re8 10. h3 Bb7 11. f3 Rb8 12. a3 Ba5 13. b4 Bb6+ 14. Kh1 d5 15.
Qd2 Bd4 16. exd5 cxd5 17. Bxh7+ Kxh7 18. Qxd4 c6 19. Qxa7 Qd6 20. Qd4 Nd7 21.
Rfe1 Kg8 22. Bf4 Qg6 23. Bxb8 Rxb8 24. Re7 Qd6 25. Rae1 c5 26. bxc5 Nxc5 27.
Re8+ Rxe8 28. Rxe8+ Kh7 29. Qh4+ Kg6 30. Ne2 Ne6 31. Ng3 Nf4 32. Qg4+ Kh7 33.
Qf5+ Qg6 34. Qxf4 Qxc2 35. Qxf7 Qb1+ 36. Kh2 Qc2 37. Qh5# 1-0

[Event "SC Rochade Emsdetten 2 - SF Telgte 1"]
[Site "Verbandsliga 2016/2017"]
[Date "2017.05.06"]
[Round "9.1"]
[White "Muth, Josef"]
[Black "Böhlich, Daniel"]
[Result "0-1"]
[WhiteElo "1978"]
[BlackElo "1994"]
[PlyCount "38"]
[EventDate "2017.??.??"]
[SourceDate "2016.09.26"]

1. d4 d5 2. c4 e6 3. Nc3 c6 4. Nf3 Nf6 5. g3 dxc4 6. Bg2 b5 7. Ne5 Nd5 8. O-O
Bb7 9. Nxd5 cxd5 10. a4 a6 11. b3 Nc6 12. Bb2 Nxe5 13. dxe5 Bc5 14. e3 O-O 15.
h4 Qb6 16. Rb1 Qc7 17. h5 h6 18. g4 b4 19. Rc1 c3 0-1

[Event "SC Rochade Emsdetten 2 - SF Telgte 1"]
[Site "Verbandsliga 2016/2017"]
[Date "2017.05.06"]
[Round "9.2"]
[White "Schelwokat, Peter"]
[Black "Hackl-Sommer, René"]
[Result "0-1"]
[WhiteElo "1877"]
[BlackElo "1981"]
[PlyCount "104"]
[EventDate "2017.??.??"]
[SourceDate "2016.09.26"]

1. e4 Nf6 2. Nc3 e5 3. Nf3 Nc6 4. d4 exd4 5. Nxd4 Bc5 6. Be3 Bb6 7. Nxc6 bxc6
8. e5 Nd5 9. Nxd5 cxd5 10. Bxb6 axb6 11. Qxd5 Ra5 12. Qe4 Qe7 13. f4 d5 14. Qd4
O-O 15. b4 Ra3 16. Bd3 c5 17. bxc5 bxc5 18. Qxd5 Bb7 19. Qd6 Qh4+ 20. g3 Qh3
21. Bf1 Qf5 22. Bd3 Rxd3 23. Qxd3 Qxd3 24. cxd3 Bxh1 25. Kd2 Bd5 26. a4 c4 27.
dxc4 Bxc4 28. Kc3 Ba6 29. Kb4 g6 30. Ka5 Be2 31. Ra2 Ra8+ 32. Kb4 Ba6 33. Kc5
Kf8 34. a5 Ke7 35. Kb6 Ke6 36. Rd2 Bc4 37. Kc5 Bf1 38. Rd6+ Ke7 39. Kb4 Rb8+
40. Ka3 Rb1 41. Rc6 Bg2 42. Rc2 Bd5 43. Rc7+ Ke6 44. Rc3 Ra1+ 45. Kb4 Ra2 46.
h3 h5 47. Kb5 Rb2+ 48. Kc5 h4 49. gxh4 Rf2 50. Rd3 Rc2+ 51. Kb4 Rc4+ 52. Ka3
Rxf4 0-1

[Event "SC Rochade Emsdetten 2 - SF Telgte 1"]
[Site "Verbandsliga 2016/2017"]
[Date "2017.05.06"]
[Round "9.3"]
[White "Lodde, Martin"]
[Black "Lücke, Thomas"]
[Result "1/2-1/2"]
[WhiteElo "1955"]
[BlackElo "1825"]
[PlyCount "82"]
[EventDate "2017.??.??"]
[SourceDate "2016.09.26"]

1. d4 f5 2. g3 Nf6 3. Bg2 e6 4. Nf3 d5 5. O-O Bd6 6. b3 O-O 7. c4 c6 8. Ba3
Bxa3 9. Nxa3 Qe7 10. Nb1 b6 11. Ne5 Bb7 12. Nd2 Nbd7 13. Ndf3 Rac8 14. Rc1 Nxe5
15. Nxe5 Rfd8 16. c5 Nd7 17. Nxd7 Qxd7 18. Qd3 Rf8 19. b4 b5 20. Qe3 a5 21. a4
bxa4 22. Ra1 axb4 23. Rxa4 Ra8 24. Rxb4 Ra7 25. Rfb1 Rfa8 26. h3 Kf7 27. Bf3
Ba6 28. Bh5+ g6 29. Qh6 gxh5 30. Qxh7+ Kf6 31. Qh6+ Kf7 32. Rb8 Bc8 33. Qxh5+
Kg7 34. Qg5+ Kh7 35. Rxa8 Rxa8 36. Qh5+ Kg7 37. Qg5+ Kh7 38. Qh5+ Kg7 39. Rb3
Ba6 40. Qg5+ Kh7 41. Qh5+ Kg7 1/2-1/2

[Event "SC Rochade Emsdetten 2 - SF Telgte 1"]
[Site "Verbandsliga 2016/2017"]
[Date "2017.05.06"]
[Round "9.4"]
[White "Hedwig, Johannes"]
[Black "Kuhlenbäumer, Willi"]
[Result "0-1"]
[WhiteElo "1784"]
[BlackElo "1928"]
[PlyCount "107"]
[EventDate "2017.??.??"]
[SourceDate "2016.09.26"]

1. e4 d6 2. d4 g6 3. Be3 Bg7 4. Nc3 Nf6 5. f3 c6 6. Qd2 h5 7. Bd3 Nbd7 8. Nge2
e5 9. dxe5 dxe5 10. O-O-O b5 11. h3 O-O 12. Bh6 a5 13. g4 h4 14. Bg5 a4 15.
Rdg1 Re8 16. Bxh4 b4 17. Nd1 Bf8 18. Bf2 Ba6 19. h4 b3 20. a3 Qc7 21. h5 Nb6
22. Bxa6 Rxa6 23. hxg6 fxg6 24. Qg5 Kf7 25. Rh2 bxc2 26. Kxc2 Nc4 27. Qc1 Qb8
28. Kb1 Nxa3+ 29. Ka1 Nb5 30. Qc4+ Kg7 31. Be3 g5 32. Bxg5 a3 33. b3 a2 34.
Rgh1 Na3 35. Bxf6+ Kxf6 36. Qxa6 Nc2+ 37. Kb2 a1=Q+ 38. Qxa1 Nxa1 39. g5+ Kg6
40. Kxa1 Qxb3 41. Nec3 Ra8+ 42. Na2 Qd3 43. Nb2 Qb3 44. Nd1 Qxf3 45. Rh3 Qxe4
46. Ndc3 Qc2 47. Rf1 Rb8 48. Rb1 Rxb1+ 49. Nxb1 e4 50. Nbc3 Bg7 51. Re3 Bd4 52.
Rh3 e3 53. Rh6+ Kg7 54. Rxc6 0-1

[Event "SC Rochade Emsdetten 2 - SF Telgte 1"]
[Site "Verbandsliga 2016/2017"]
[Date "2017.05.06"]
[Round "9.5"]
[White "Junker, Axel"]
[Black "Nöring, Andreas"]
[Result "0-1"]
[WhiteElo "1873"]
[BlackElo "1836"]
[PlyCount "74"]
[EventDate "2017.??.??"]
[SourceDate "2016.09.26"]

1. c4 c5 2. Nf3 Nf6 3. d4 cxd4 4. Nxd4 g6 5. Nc3 Bg7 6. e4 d6 7. Be2 Nc6 8. Be3
Bd7 9. O-O O-O 10. f3 Rc8 11. Qd2 a6 12. Rfd1 Nxd4 13. Bxd4 Qc7 14. Rac1 Be6
15. b3 Rfe8 16. Bf1 Qa5 17. Qf2 Nd7 18. Bxg7 Kxg7 19. Kh1 Qc5 20. Qh4 Nf6 21.
g4 h5 22. g5 Nh7 23. f4 Bg4 24. Rd3 Be6 25. f5 Bd7 26. Bh3 e6 27. Rcd1 exf5 28.
Rxd6 Bc6 29. Bxf5 Qxf5 30. Kg1 Qxg5+ 31. Qxg5 Nxg5 32. Kf2 Nxe4+ 33. Nxe4 Rxe4
34. R1d2 Rce8 35. R6d3 R8e6 36. Rc3 Rf6+ 37. Kg3 Rff4 0-1

[Event "SC Rochade Emsdetten 2 - SF Telgte 1"]
[Site "Verbandsliga 2016/2017"]
[Date "2017.05.06"]
[Round "9.6"]
[White "Fehlings, Gerd"]
[Black "Kuhlenbäumer, Alfred"]
[Result "1/2-1/2"]
[WhiteElo "1753"]
[BlackElo "1885"]
[PlyCount "77"]
[EventDate "2017.??.??"]
[SourceDate "2016.09.26"]

1. Nf3 Nf6 2. d4 e6 3. g3 b6 4. Bg2 Bb7 5. O-O Be7 6. c4 O-O 7. Nc3 Ne4 8. Nxe4
Bxe4 9. Ne1 Bxg2 10. Nxg2 c5 11. dxc5 Bxc5 12. Be3 Qc7 13. a3 a5 14. Qd2 Na6
15. Rfd1 Rfd8 16. Qc3 Rac8 17. Rac1 Qc6 18. Bxc5 Qxc5 19. Qe3 Qc6 20. Nf4 d6
21. Rc3 Qc5 22. Qd2 Nc7 23. e4 Qe5 24. Qe3 b5 25. Ne2 bxc4 26. f4 Qb5 27. Nd4
Qc5 28. b4 axb4 29. axb4 Qxb4 30. Nc6 Qa4 31. Rdc1 Qxc6 32. Rxc4 Qb7 33. Qc3
Rd7 34. Rb4 Qa7+ 35. Kg2 Rcd8 36. Ra1 Qc5 37. Rc4 Qb6 38. Rb4 Qc5 39. Rc4
1/2-1/2

[Event "SC Rochade Emsdetten 2 - SF Telgte 1"]
[Site "Verbandsliga 2016/2017"]
[Date "2017.05.06"]
[Round "9.7"]
[White "Esser, Peter"]
[Black "Hemmers, Dieter"]
[Result "1/2-1/2"]
[WhiteElo "1758"]
[BlackElo "1782"]
[PlyCount "71"]
[EventDate "2017.??.??"]
[SourceDate "2016.09.26"]

1. e4 c5 2. Nf3 Nc6 3. Bb5 g6 4. Bxc6 dxc6 5. d3 Bg7 6. O-O Nf6 7. h3 O-O 8.
Nc3 Be6 9. Qe2 h6 10. Be3 b6 11. a4 Ne8 12. Qd2 Kh7 13. b3 Nd6 14. Rad1 f5 15.
e5 Nf7 16. d4 cxd4 17. Nxd4 Qd7 18. Nxe6 Qxe6 19. f4 Rad8 20. Qe2 g5 21. g3
gxf4 22. gxf4 Rxd1 23. Nxd1 Rg8 24. Kf2 Bf8 25. Rg1 Rxg1 26. Kxg1 Qg6+ 27. Qg2
e6 28. Qxg6+ Kxg6 29. a5 c5 30. axb6 axb6 31. Nc3 Be7 32. Na4 Bd8 33. b4 cxb4
34. Bxb6 Bxb6+ 35. Nxb6 Nd8 36. Na4 1/2-1/2

[Event "SC Rochade Emsdetten 2 - SF Telgte 1"]
[Site "Verbandsliga 2016/2017"]
[Date "2017.05.06"]
[Round "9.8"]
[White "Wehmeier, Sven"]
[Black "Schenke, Conrad"]
[Result "0-1"]
[WhiteElo "1776"]
[BlackElo "1661"]
[PlyCount "88"]
[EventDate "2017.??.??"]
[SourceDate "2016.09.26"]

1. e4 e5 2. Nf3 Nc6 3. d4 exd4 4. Nxd4 Bc5 5. Be3 Qf6 6. c3 Nge7 7. Nd2 Nxd4 8.
e5 Qg6 9. cxd4 Bb6 10. Nc4 Nd5 11. Qf3 Nxe3 12. fxe3 O-O 13. Be2 d5 14. exd6
cxd6 15. Nxb6 axb6 16. e4 Re8 17. O-O Bd7 18. Bd3 Qe6 19. b3 b5 20. d5 Qe7 21.
Rf2 Rec8 22. Qe2 b4 23. Raf1 f6 24. h4 Qe5 25. Bb1 Rc5 26. Qd2 Rc3 27. Qf4 Rac8
28. Qxe5 dxe5 29. h5 h6 30. Rd1 Bg4 31. Re1 Bxh5 32. Rd2 Rc1 33. Bd3 Rxe1+ 34.
Kf2 Rd1 35. Rxd1 Bxd1 36. Bc4 Kf8 37. Ke3 Ke7 38. Kd2 Bg4 39. Kd3 Kd6 40. Kc2
Kc5 41. Kd3 Ra8 42. Ke3 Rxa2 43. g3 Rg2 44. Kd3 b5 0-1

[Event "SV Heiden 1 - SF Beelen 1"]
[Site "Verbandsliga 2016/2017"]
[Date "2017.05.06"]
[Round "9.1"]
[White "Hofene, Dieter"]
[Black "Wienen, Hermann"]
[Result "1/2-1/2"]
[WhiteElo "2010"]
[BlackElo "1937"]
[PlyCount "40"]
[EventDate "2017.??.??"]
[SourceDate "2016.09.26"]

1. d4 d5 2. Nc3 Nf6 3. Bg5 e6 4. e4 Be7 5. e5 Nfd7 6. Bxe7 Qxe7 7. Qh5 Qb4 8.
O-O-O a6 9. Nxd5 exd5 10. e6 O-O 11. exd7 Bxd7 12. Nf3 Qd6 13. Ne5 Bb5 14. Bd3
Bxd3 15. Rxd3 Nd7 16. Rh3 h6 17. Rg3 Nxe5 18. dxe5 Qe6 19. f4 Kh7 20. h3 g6
1/2-1/2

[Event "SV Heiden 1 - SF Beelen 1"]
[Site "Verbandsliga 2016/2017"]
[Date "2017.05.06"]
[Round "9.2"]
[White "Berger, Alfred"]
[Black "Hanewinkel, Winfried"]
[Result "1/2-1/2"]
[WhiteElo "1980"]
[BlackElo "1901"]
[PlyCount "58"]
[EventDate "2017.??.??"]
[SourceDate "2016.09.26"]

1. d4 d5 2. Nf3 Nf6 3. e3 Bg4 4. c4 Bxf3 5. gxf3 e6 6. Qb3 b6 7. Nc3 c6 8. Bd3
Be7 9. Bd2 Qd6 10. Ne2 Nbd7 11. cxd5 cxd5 12. a3 a5 13. Rc1 O-O 14. Ng3 Rfc8
15. Rxc8+ Rxc8 16. f4 Ne8 17. Qd1 f5 18. Rg1 Bf8 19. Ba6 Rc7 20. Bb5 Rc8 21.
Qa4 Ndf6 22. f3 Qc7 23. Bd3 Nd6 24. b3 Qc6 25. Qxc6 Rxc6 26. Ke2 Kf7 27. Rc1
Rxc1 28. Bxc1 Be7 29. Bd2 Nc8 1/2-1/2

[Event "SV Heiden 1 - SF Beelen 1"]
[Site "Verbandsliga 2016/2017"]
[Date "2017.05.06"]
[Round "9.3"]
[White "Henke, Wolfgang"]
[Black "Ehrlich, Hans-Georg"]
[Result "1-0"]
[WhiteElo "1805"]
[BlackElo "1818"]
[PlyCount "103"]
[EventDate "2017.??.??"]
[SourceDate "2016.09.26"]

1. e4 d5 2. exd5 Qxd5 3. Nc3 Qd8 4. Bc4 c6 5. d4 Bf5 6. g4 Bg6 7. f4 e6 8. Nf3
Bb4 9. Qe2 Ne7 10. Bb3 h5 11. Bd2 hxg4 12. Ne5 Bh5 13. O-O-O Nf5 14. Ne4 Bxd2+
15. Qxd2 O-O 16. Ng3 Qh4 17. Rdg1 Rd8 18. Nxh5 Nxd4 19. Qb4 Ne2+ 20. Kb1 Nxg1
21. Rxg1 Qxh2 22. Nf6+ gxf6 23. Rxg4+ Kh7 24. Qe1 Na6 25. Rh4+ Qxh4 26. Qxh4+
Kg8 27. Nd3 Kg7 28. Qg4+ Kf8 29. a3 Ke7 30. f5 Rg8 31. Qc4 Nc7 32. Qb4+ Kd7 33.
Qxb7 Rgb8 34. Nc5+ Kd6 35. Ne4+ Kd7 36. Nxf6+ Kd6 37. Ne4+ Kd7 38. Nc5+ Kd6 39.
Ne4+ Kd7 40. fxe6+ fxe6 41. Nc5+ Kd6 42. Ne4+ Kd7 43. Bxe6+ Kxe6 44. Qxc7 Rc8
45. Qd6+ Kf5 46. Nc5 Rab8 47. Qe6+ Kf4 48. Qf7+ Ke3 49. Qxa7 Ra8 50. Qe7+ Kd2
51. Ne4+ Ke3 52. Nd6+ 1-0

[Event "SV Heiden 1 - SF Beelen 1"]
[Site "Verbandsliga 2016/2017"]
[Date "2017.05.06"]
[Round "9.4"]
[White "Sicking, Norbert"]
[Black "Cigelski, Rudolf"]
[Result "1-0"]
[WhiteElo "1803"]
[BlackElo "1822"]
[PlyCount "97"]
[EventDate "2017.??.??"]
[SourceDate "2016.09.26"]

1. d4 Nc6 2. c3 d5 3. Nf3 Bg4 4. Nbd2 Qd7 5. h3 Bh5 6. e3 e5 7. dxe5 Nxe5 8.
Be2 Nxf3+ 9. Nxf3 O-O-O 10. Qb3 f6 11. Bd2 Bf7 12. Qc2 g5 13. Nd4 h5 14. b4 c6
15. a4 Ne7 16. Bd3 Rh6 17. Nb3 Bg6 18. b5 Bxd3 19. Qxd3 f5 20. bxc6 Rxc6 21.
Nd4 Rc4 22. O-O Kb8 23. Rfb1 Ka8 24. Rb2 h4 25. Rab1 Rb8 26. Rb4 Qc8 27. Nb5
Qc5 28. Rxc4 dxc4 29. Qd7 Rc8 30. Nd6 Rc7 31. Qd8+ Nc8 32. Nb5 Rg7 33. Nxa7
Kxa7 34. Rb5 Qc7 35. Qxf8 Nd6 36. Rd5 Rg6 37. e4 f4 38. e5 Ne4 39. Qf5 Qg7 40.
Qxe4 g4 41. Bxf4 gxh3 42. Qe3+ Rb6 43. Qxh3 Rb1+ 44. Kh2 Qh7 45. Be3+ Ka6 46.
Rd6+ b6 47. Qc8+ Qb7 48. Qxb7+ Kxb7 49. Rxb6+ 1-0